000
00317nam a2200145Ia 4500
008
100415s9999 xx 000 0 und d
082
_b
2027
_a
595.796
100
_a
Morley Derek Wragge
245
_a
Ants
260
_a
LONDON
_c
1953
_b
COLLINS
365
_b
0
630
_a
Ants
730
_a
Ants
942
_c
BOOK
999
_c
585050
_d
585047